Φονικές θρησκείες

Αποθηκεύτηκε σε:
Λεπτομέρειες βιβλιογραφικής εγγραφής
Κύριος συγγραφέας: Barnavi, Elie
Άλλοι συγγραφείς: Μητσός, Μιχάλης, 1959- (Μεταφραστής)
Μορφή: Βιβλίο
Γλώσσα:Greek
French
Δημοσίευση: [Αθήνα]: Πόλις, [2007]
Θέματα:
Ετικέτες: Προσθήκη ετικέτας
Δεν υπάρχουν, Καταχωρήστε ετικέτα πρώτοι!

MARC

LEADER 00000cam a2200000 i 4500
001 1/68976
008 071220s2007 gr | ||| |||| ||gre||
020 |a 9789604351572  
035 |l 10093321  
040 |a GR-MyUa   |b gre   |e AACR2  
041 1 |a gre  |h fre 
082 7 |a 322.1   |2 (22)  
100 1 |a Barnavi, Elie. 
245 1 0 |a Φονικές θρησκείες /   |c Elie Barnavi ; μετάφραση - επίμετρο: Μιχάλης Μήτσος.  
260 |a [Αθήνα]:   |b Πόλις,   |c [2007]  
300 |a 187 σ. ;   |c 21 εκ.  
500 |a Τίτλος πρωτοτύπου: Les religions meurtrieres.  
650 0 |a Religion and politics. 
650 0 |a Religious fundamentalism. 
650 0 |a Islam and politics. 
650 0 |a Islamic fundamentalism. 
700 1 |a Μητσός, Μιχάλης,   |d 1959-  |e trl 
852 |a INST  |b RHODES  |e 20071220  |h 322.1 BAR  |p 005400030267  |q 005400030267  |t BK  |y 0 
901 |a BIBL4-2007-3 
922 |a 4ΕΛΗ  |b 200711  |c ΕΠΕΑΕΚ2/ΠΤΔΕ  |d Σ. ΠΑΤΑΚΗΣ 
970 |a Κόζα   |b Μαρία   |z 2007/12/20